<?xml version="1.0" encoding="UTF-8"?><?xml-stylesheet type="text/xsl" href="static/style.xsl"?><OAI-PMH xmlns="http://www.openarchives.org/OAI/2.0/" xmlns:xsi="http://www.w3.org/2001/XMLSchema-instance" xsi:schemaLocation="http://www.openarchives.org/OAI/2.0/ http://www.openarchives.org/OAI/2.0/OAI-PMH.xsd"><responseDate>2026-04-17T04:08:45Z</responseDate><request verb="GetRecord" identifier="oai:www.recercat.cat:10459.1/56694" metadataPrefix="marc">https://recercat.cat/oai/request</request><GetRecord><record><header><identifier>oai:recercat.cat:10459.1/56694</identifier><datestamp>2024-12-05T21:27:46Z</datestamp><setSpec>com_2072_3622</setSpec><setSpec>col_2072_479130</setSpec></header><metadata><record xmlns="http://www.loc.gov/MARC21/slim" xmlns:dcterms="http://purl.org/dc/terms/" xmlns:xsi="http://www.w3.org/2001/XMLSchema-instance" xmlns:doc="http://www.lyncode.com/xoai" xsi:schemaLocation="http://www.loc.gov/MARC21/slim http://www.loc.gov/standards/marcxml/schema/MARC21slim.xsd">
   <leader>00925njm 22002777a 4500</leader>
   <datafield ind2=" " ind1=" " tag="042">
      <subfield code="a">dc</subfield>
   </datafield>
   <datafield ind2=" " ind1=" " tag="720">
      <subfield code="a">Séculi, E.</subfield>
      <subfield code="e">author</subfield>
   </datafield>
   <datafield ind2=" " ind1=" " tag="720">
      <subfield code="a">Fusté Sugrañes, Josep</subfield>
      <subfield code="e">author</subfield>
   </datafield>
   <datafield ind2=" " ind1=" " tag="720">
      <subfield code="a">Brugulat, Pilar</subfield>
      <subfield code="e">author</subfield>
   </datafield>
   <datafield ind2=" " ind1=" " tag="720">
      <subfield code="a">Juncà, S.</subfield>
      <subfield code="e">author</subfield>
   </datafield>
   <datafield ind2=" " ind1=" " tag="720">
      <subfield code="a">Rué i Monné, Montserrat</subfield>
      <subfield code="e">author</subfield>
   </datafield>
   <datafield ind2=" " ind1=" " tag="720">
      <subfield code="a">Guillén, M.</subfield>
      <subfield code="e">author</subfield>
   </datafield>
   <datafield ind2=" " ind1=" " tag="260">
      <subfield code="c">2016-03-11T09:00:12Z</subfield>
   </datafield>
   <datafield ind2=" " ind1=" " tag="260">
      <subfield code="c">2016-03-11T09:00:12Z</subfield>
   </datafield>
   <datafield ind2=" " ind1=" " tag="260">
      <subfield code="c">2025-01-01</subfield>
   </datafield>
   <datafield ind2=" " ind1=" " tag="260">
      <subfield code="c">2001</subfield>
   </datafield>
   <datafield ind2=" " ind1=" " tag="520">
      <subfield code="a">Objetivo: Analizar las diferencias en la percepción del estado&#xd;
de salud de los varones y mujeres en las últimas etapas&#xd;
de la vida y explorar su relación con variables sociodemográficas&#xd;
y de salud.&#xd;
Métodos: Datos procedentes de la Encuesta de Salud de&#xd;
Cataluña de 1994, de 1.459 varones y 1.993 mujeres de 60&#xd;
y más años. Se realizó un análisis de la autovaloración del&#xd;
estado de salud según la edad, el sexo, la clase social, la declaración&#xd;
de enfermedades crónicas y la discapacidades y se&#xd;
aplicó un modelo de análisis multivariable de regresión logística&#xd;
teniendo en cuenta el diseño muestral.&#xd;
Resultados: El 57,3% de las mujeres de 60 y más años declaraba&#xd;
no tener buena salud, frente al 43,6% de los varones.&#xd;
También fue superior la proporción de mujeres que padecía&#xd;
una o más discapacidades (41,2%) respecto a los varones&#xd;
(28,7%), así como la de enfermedades crónicas, el 92,2% de&#xd;
las mujeres y el 85,6% de los varones. En el modelo de regresión&#xd;
logística multivariable continúa manteniéndose una percepción&#xd;
de mala salud superior en las mujeres y aparecen&#xd;
como factores explicativos el número de enfermedades cró-&#xd;
nicas, padecer discapacidades y pertenecer a las clases sociales&#xd;
más desfavorecidas. La edad en interacción con las enfermedades&#xd;
crónicas amortigua el efecto de éstas en la&#xd;
valoración del estado de salud.&#xd;
Conclusiones: Entre la población anciana, la percepción de&#xd;
mala salud fue superior en las mujeres incluso ajustando por&#xd;
otras variables explicativas significativas (clase social, edad,&#xd;
discapacidades y enfermedades crónicas). Padecer enfermedades&#xd;
crónicas y/o discapacidades constituyen los factores&#xd;
explicativos más importantes en la percepción del estado&#xd;
de salud. El impacto del padecimiento de enfermedades&#xd;
crónicas en relación con la percepción de mala salud disminuye&#xd;
a medida que los grupos son de mayor edad.</subfield>
   </datafield>
   <datafield ind1="8" ind2=" " tag="024">
      <subfield code="a">http://hdl.handle.net/10459.1/56694</subfield>
   </datafield>
   <datafield tag="653" ind2=" " ind1=" ">
      <subfield code="a">Género</subfield>
   </datafield>
   <datafield tag="653" ind2=" " ind1=" ">
      <subfield code="a">Estado de salud percibido</subfield>
   </datafield>
   <datafield tag="653" ind2=" " ind1=" ">
      <subfield code="a">Desigualdades en salud</subfield>
   </datafield>
   <datafield tag="653" ind2=" " ind1=" ">
      <subfield code="a">Encuestas de salud</subfield>
   </datafield>
   <datafield ind2="0" ind1="0" tag="245">
      <subfield code="a">Percepción del estado de salud en varones y mujeres en las últimas etapas de la vida</subfield>
   </datafield>
</record></metadata></record></GetRecord></OAI-PMH>